MCSE Plus Internet Complete User Guide trainin kit + 3 CDs set (Record no. 266564)
[ view plain ]
| 000 -LEADER | |
|---|---|
| fixed length control field | 00270 a2200109 4500 |
| 001 - CONTROL NUMBER | |
| control field | 31491 |
| 090 ## - LOCALLY ASSIGNED LC-TYPE CALL NUMBER (OCLC); LOCAL CALL NUMBER (RLIN) | |
| -- | 21366 |
| -- | 21366 |
| 100 ## - MAIN ENTRY--PERSONAL NAME | |
| Personal name | Sirockman, Jason |
| 245 ## - TITLE STATEMENT | |
| Title | MCSE Plus Internet Complete User Guide trainin kit + 3 CDs set |
| 260 ## - PUBLICATION, DISTRIBUTION, ETC. | |
| Place of publication, distribution, etc. | New Delhi |
| Name of publisher, distributor, etc. | PHI |
| Date of publication, distribution, etc. | 1999 |
| 505 ## - FORMATTED CONTENTS NOTE | |
| Formatted contents note | CD/DVD |
| 942 ## - ADDED ENTRY ELEMENTS (KOHA) | |
| Institution code [OBSOLETE] | NUST-CAE |
| Withdrawn status | Lost status | Damaged status | Not for loan | Collection code | Permanent Location | Current Location | Date acquired | Total Checkouts | Barcode | Date last seen | Price effective from | Koha item type |
|---|---|---|---|---|---|---|---|---|---|---|---|---|
| College of Aeronautical Engineering (CAE) | College of Aeronautical Engineering (CAE) | 04/03/2017 | CAE71994 | 04/05/2017 | 04/05/2017 | Book | ||||||
| College of Aeronautical Engineering (CAE) | College of Aeronautical Engineering (CAE) | 04/03/2017 | CAE72082 | 04/05/2017 | 04/05/2017 | Book | ||||||
| College of Aeronautical Engineering (CAE) | College of Aeronautical Engineering (CAE) | 04/03/2017 | CAE72043 | 04/05/2017 | 04/05/2017 | Book |
